Derecho urbanístico (Registro nro. 313796)

Detalles MARC
000 -ENCABEZADO
Número de control [NR] 00743nam a2200205 a 4500
005 - FECHA Y HORA DE LA ÚLTIMA TRANSACCIÓN
control field 20211015151543.0
008 - DE LONGITUD FIJA DE DATOS DE ELEMENTOS - INFORMACIÓN GENERAL
Elementos de longitud fija [NR] 210430s1986 ag |||gr|||| 00| 0 spa d
020 ## - NUMERO INTERNACIONAL NORMALIZADO PARA LIBROS [R]
Número Internacional Normalizado del libro [NR] 8459913570
040 ## - FUENTE DE CATALOGACION [NR]
Agencia de catalogación original [NR] CO-BoUCM
Idioma de catalogación [NR] spa
Quien Cataloga Deissy Garcia
Quien Clasifica Deissy Garcia
041 0# - CODIGO DE IDIOMA [R]
Código de idioma para texto/pista de sonido o título separado [R] Español
100 1# - ASIENTO PRINCIPAL--NOMBRE PERSONAL [NR]
Nombre personal [NR] Parejo Alfonso, Luciano
ID Autoridad 42153
245 10 - MENCION DE TITULO [NR]
Título [NR] Derecho urbanístico
Parte restante del título [NR] instituciones básicas
Mención de responsabilidad, etc. [NR] Luciano Parejo Alfonso
260 ## - PUBLICACION, DISTRIBUCION, ETC. (PIE DE IMPRENTA) [R]
Lugar de publicación, distribución, etc. [R] Mendoza, Argentina
Nombre del editor, distribuidor, etc. [R] Ediciones Ciudad Argentina
Fecha de publicación, distribución, etc. [R] 1986
300 ## - DESCRIPCION FISICA [R]
Extensión [R] 684 páginas
504 ## - NOTA DE BIBLIOGRAFIA, ETC. [R]
Nota de bibliografía, etc. [NR] Incluye referencias bibliográficas
650 #7 - ASIENTO SECUNDARIO DE MATERIA - TERMINO TEMATICO [R]
Término temático o nombre geográfico como elemento de entrada [NR] Derecho urbanístico
Subdivisión geográfica [R] España
9 (RLIN) 103244
650 #7 - ASIENTO SECUNDARIO DE MATERIA - TERMINO TEMATICO [R]
Término temático o nombre geográfico como elemento de entrada [NR] Urbanismo
Subdivisión general [R] Legislación
Subdivisión geográfica [R] España
9 (RLIN) 103245
942 ## - ELEMENTOS DE ENTRADA AGREGADOS (KOHA)
Tipo de ítem principal el descrito en 300a Libro
Sistema de clasificación DEWEY
Tema principal Derecho
Edición 1
Clasificación 346.045
Parte restante de la signatura top. P227d
Título oculto en OPAC No
Existencias
Signatura topográfica Código de barras Última vez visto Ejemplar Costo de reposición Price effective from Tipo de ítem Nota pública (OPAC) Perdido Sistema de clasificación Dañado No prestable Tipo de ítem específico Suprimido Ubicación habitual Ubicación actual Localización Fecha de creación Proveedor Forma de adquisición Costo
346.045 P227d 100162229 04/12/2025 Ej.1 26000.00 25/06/2019 Libro Galería de donantes   DEWEY     Libro   Claustro Claustro 3er piso 25/06/2019 12 Donación 0.00